[Event "Irena Warakomska Memorial A"]
[Site "Suwalki"]
[Date "2020.08.13"]
[Round "9"]
[White "Jakhari, Ansh"]
[Black "Jurkiewicz, Krzysztof"]
[Result "1-0"]
[Board "13"]
[WhiteElo "1936"]
[WhiteCountry "NED"]
[WhiteFideId "1066005"]
[WhiteEloChange "12"]
[BlackElo "2011"]
[BlackCountry "POL"]
[BlackFideId "1103270"]
[BlackEloChange "-12"]

1. e4 {[%clk 1:30:50]} c5 {[%clk 1:30:54]} 2. Nf3 {[%clk 1:31:02]} d6 {[%clk
1:31:21]} 3. d4 {[%clk 1:31:03]} cxd4 {[%clk 1:31:45]} 4. Nxd4 {[%clk 1:31:25]}
Nf6 {[%clk 1:32:12]} 5. Nc3 {[%clk 1:31:44]} g6 {[%clk 1:32:37]} 6. Be3 {[%clk
1:31:40]} Bg7 {[%clk 1:32:58]} 7. f3 {[%clk 1:31:31]} O-O {[%clk 1:33:05]} 8. Qd2
{[%clk 1:29:58]} Nc6 {[%clk 1:33:24]} 9. Bc4 {[%clk 1:30:12]} Nd7 {[%clk
1:33:16]} 10. O-O-O {[%clk 1:28:06]} Nb6 {[%clk 1:33:15]} 11. Bb3 {[%clk
1:27:21]} Na5 {[%clk 1:31:38]} 12. Qd3 {[%clk 1:22:16]} Bd7 {[%clk 1:30:22]} 13.
h4 {[%clk 1:20:34]} Rc8 {[%clk 1:29:36]} 14. h5 {[%clk 1:19:49]} Nbc4 {[%clk
1:28:47]} 15. hxg6 {[%clk 1:07:37]} hxg6 {[%clk 1:28:52]} 16. Bh6 {[%clk
1:06:46]} e5 {[%clk 1:19:56]} 17. Bxg7 {[%clk 1:06:48]} Qg5+ {[%clk 1:17:35]} 18.
Kb1 {[%clk 1:03:59]} Kxg7 {[%clk 1:17:41]} 19. Nde2 {[%clk 1:03:13]} b5 {[%clk
0:45:17]} 20. g3 {[%clk 0:59:34]} b4 {[%clk 0:41:00]} 21. f4 {[%clk 0:59:33]}
exf4 {[%clk 0:39:20]} 22. gxf4 {[%clk 0:59:43]} Qf6 {[%clk 0:38:20]} 23. e5
{[%clk 0:58:58]} Qf5 {[%clk 0:33:48]} 24. Ne4 {[%clk 0:54:02]} Bb5 {[%clk
0:26:53]} 25. Nf6 {[%clk 0:51:36]} Rh8 {[%clk 0:19:08]} 26. Qxf5 {[%clk 0:50:57]}
Rxh1 {[%clk 0:19:07]} 27. Nh5+ {[%clk 0:50:34]} Rxh5 {[%clk 0:18:21]} 28. Qxc8
{[%clk 0:50:50]} Nb6 {[%clk 0:15:19]} 29. Qg4 {[%clk 0:49:46]} dxe5 {[%clk
0:15:11]} 30. Rg1 {[%clk 0:49:35]} Rh2 {[%clk 0:14:12]} 31. Nc1 {[%clk 0:49:09]}
Nbc4 {[%clk 0:12:50]} 32. Bxc4 {[%clk 0:49:08]} Nxc4 {[%clk 0:13:07]} 33. Qg3
{[%clk 0:48:51]} Rh5 {[%clk 0:12:37]} 34. Qg4 {[%clk 0:46:24]} a5 {[%clk
0:11:33]} 1-0

[Event "Irena Warakomska Memorial A"]
[Site "Suwalki"]
[Date "2020.08.13"]
[Round "9"]
[White "Korbal, Arkadiusz"]
[Black "Flis, Pawel"]
[Result "1-0"]
[Board "14"]
[WhiteElo "2088"]
[WhiteCountry "POL"]
[WhiteFideId "1133837"]
[WhiteEloChange "4"]
[BlackElo "1873"]
[BlackCountry "POL"]
[BlackFideId "1112864"]
[BlackEloChange "-4"]

1. d4 {[%clk 1:30:56]} Nf6 {[%clk 1:30:36]} 2. c4 {[%clk 1:31:12]} c5 {[%clk
1:30:51]} 3. d5 {[%clk 1:31:21]} b5 {[%clk 1:31:14]} 4. Nf3 {[%clk 1:30:32]} g6
{[%clk 1:31:02]} 5. Qc2 {[%clk 1:30:40]} bxc4 {[%clk 1:25:45]} 6. e4 {[%clk
1:30:42]} d6 {[%clk 1:25:23]} 7. Bxc4 {[%clk 1:30:56]} Bg7 {[%clk 1:25:48]} 8.
O-O {[%clk 1:31:10]} O-O {[%clk 1:26:13]} 9. Re1 {[%clk 1:31:06]} Nbd7 {[%clk
1:23:27]} 10. h3 {[%clk 1:31:17]} Nb6 {[%clk 1:23:46]} 11. Bf1 {[%clk 1:31:27]}
Ne8 {[%clk 1:15:33]} 12. Nc3 {[%clk 1:31:34]} Nc7 {[%clk 1:14:36]} 13. a4 {[%clk
1:23:49]} Ba6 {[%clk 1:07:29]} 14. Nb5 {[%clk 1:24:04]} Bxb5 {[%clk 1:06:36]} 15.
axb5 {[%clk 1:23:58]} Qd7 {[%clk 1:03:30]} 16. Ra5 {[%clk 1:22:30]} Rfb8 {[%clk
0:59:13]} 17. Re3 {[%clk 1:12:38]} Nc8 {[%clk 0:54:10]} 18. Qc4 {[%clk 1:01:12]}
Rb7 {[%clk 0:46:48]} 19. b4 {[%clk 0:58:05]} Nb6 {[%clk 0:41:12]} 20. Qb3 {[%clk
0:55:52]} c4 {[%clk 0:37:40]} 21. Bxc4 {[%clk 0:51:22]} Nxc4 {[%clk 0:37:34]} 22.
Qxc4 {[%clk 0:51:46]} Nxb5 {[%clk 0:35:41]} 23. Ra6 {[%clk 0:50:41]} Rb6 {[%clk
0:31:22]} 24. Rxb6 {[%clk 0:46:50]} axb6 {[%clk 0:31:45]} 25. Re1 {[%clk
0:46:57]} Rc8 {[%clk 0:30:15]} 26. Qa2 {[%clk 0:45:44]} Nc3 {[%clk 0:27:02]} 27.
Qa6 {[%clk 0:44:34]} Nxe4 {[%clk 0:16:53]} 28. Bf4 {[%clk 0:44:46]} Nf6 {[%clk
0:16:45]} 29. Rxe7 {[%clk 0:43:46]} Qxe7 {[%clk 0:10:20]} 30. Qxc8+ {[%clk
0:44:09]} Bf8 {[%clk 0:04:42]} 31. Bg5 {[%clk 0:44:15]} Qe8 {[%clk 0:02:53]} 32.
Qc6 {[%clk 0:38:29]} Qxc6 {[%clk 0:02:21]} 33. dxc6 {[%clk 0:38:51]} Nd5 {[%clk
0:02:32]} 34. Bd8 {[%clk 0:39:07]} b5 {[%clk 0:00:53]} 35. Nd4 {[%clk 0:38:44]}
Be7 {[%clk 0:00:44]} 36. c7 {[%clk 0:38:58]} Nxc7 {[%clk 0:01:07]} 37. Bxc7
{[%clk 0:39:17]} d5 {[%clk 0:01:20]} 38. Ba5 {[%clk 0:39:39]} Bf6 {[%clk
0:01:19]} 39. Nxb5 {[%clk 0:40:02]} d4 {[%clk 0:01:43]} 40. Kf1 {[%clk 1:09:39]}
d3 {[%clk 0:31:49]} 41. Ke1 {[%clk 1:10:02]} Bg5 {[%clk 0:28:21]} 42. Nc3 {[%clk
1:10:10]} f5 {[%clk 0:27:24]} 43. b5 {[%clk 1:10:21]} d2+ {[%clk 0:25:43]} 44.
Kd1 {[%clk 1:10:42]} Kf7 {[%clk 0:23:35]} 45. Nd5 {[%clk 1:10:12]} Ke6 {[%clk
0:23:43]} 46. b6 {[%clk 1:10:20]} Kxd5 {[%clk 0:23:37]} 47. Bxd2 {[%clk 1:08:13]}
Be7 {[%clk 0:17:39]} 48. Ke2 {[%clk 1:06:13]} Kc6 {[%clk 0:16:17]} 49. Be3 {[%clk
1:05:30]} Bd6 {[%clk 0:14:14]} 50. Kd3 {[%clk 1:04:59]} Kd5 {[%clk 0:14:16]} 51.
g3 {[%clk 1:05:14]} Bb8 {[%clk 0:07:50]} 52. Bf4 {[%clk 1:00:50]} Bxf4 {[%clk
0:08:12]} 53. gxf4 {[%clk 1:01:15]} Kc6 {[%clk 0:08:39]} 54. Kd4 {[%clk 1:01:39]}
Kxb6 {[%clk 0:09:05]} 55. Ke5 {[%clk 1:02:05]} Kc5 {[%clk 0:07:32]} 56. Kf6
{[%clk 1:02:27]} Kd6 {[%clk 0:05:40]} 57. Kg7 {[%clk 1:02:51]} Ke7 {[%clk
0:04:43]} 58. Kxh7 {[%clk 1:03:11]} Kf7 {[%clk 0:02:28]} 59. h4 {[%clk 1:03:23]}
Kf6 {[%clk 0:02:47]} 60. Kg8 {[%clk 1:03:40]} g5 {[%clk 0:02:12]} 61. hxg5+
{[%clk 1:02:58]} Kg6 {[%clk 0:02:27]} 62. Kf8 {[%clk 1:02:59]} Kh5 {[%clk
0:02:34]} 63. Kf7 {[%clk 1:03:21]} 1-0

[Event "Irena Warakomska Memorial A"]
[Site "Suwalki"]
[Date "2020.08.13"]
[Round "9"]
[White "Choroszej, Aleksander"]
[Black "Strzelecki, Jerzy"]
[Result "1/2-1/2"]
[Board "15"]
[WhiteElo "2059"]
[WhiteCountry "POL"]
[WhiteFideId "1140825"]
[WhiteEloChange "-2"]
[BlackElo "1977"]
[BlackCountry "POL"]
[BlackFideId "1120506"]
[BlackEloChange "2"]

1. d4 {[%clk 1:30:58]} Nf6 {[%clk 1:24:27]} 2. c4 {[%clk 1:31:21]} g6 {[%clk
1:24:48]} 3. Nc3 {[%clk 1:31:47]} d5 {[%clk 1:25:11]} 4. cxd5 {[%clk 1:32:02]}
Nxd5 {[%clk 1:25:32]} 5. e4 {[%clk 1:32:25]} Nxc3 {[%clk 1:25:51]} 6. bxc3 {[%clk
1:32:51]} Bg7 {[%clk 1:26:08]} 7. Nf3 {[%clk 1:33:11]} c5 {[%clk 1:26:23]} 8. Rb1
{[%clk 1:33:35]} O-O {[%clk 1:26:41]} 9. Be2 {[%clk 1:33:55]} b6 {[%clk 1:26:22]}
10. O-O {[%clk 1:31:37]} Qc7 {[%clk 1:26:29]} 11. Bb2 {[%clk 1:22:02]} Nc6 {[%clk
1:25:13]} 1/2-1/2